000
00237nam a2200097Ia 4500
001
1175376
005
20250827012649.0
008
250824s9999 xx 000 0 und d
245
0
_a
CESUR OL
_c
POPPY ONEİL
260
_b
HEP KİTAP YAYINLARI
999
_c
1175376
_d
1175376